000 00373pab a2200157 454500
008 180718b2011 xxu||||| |||| 00| 0 eng d
100 _aJeelani, S.
245 _aInnovation universities with world class standards
260 _c2011
300 _ap.1-4,10.
362 _a14 Nov
650 _aUniversities
773 _aUniversity News
908 _aN
909 _a93562
999 _c93562
_d93562